Solidaridad laboral en la contratación y subcontratación de servicios (Registro nro. 1596)

Detalles MARC
000 -LEADER
fixed length control field 01106 a2200217 4500
001 - CONTROL NUMBER
control field 27473
005 - DATE AND TIME OF LATEST TRANSACTION
control field 20260407155549.0
008 - FIXED-LENGTH DATA ELEMENTS--GENERAL INFORMATION
fixed length control field 260407a2008 arg spa d
003 - CONTROL NUMBER IDENTIFIER
control field AR-UNSa-BCEJYS
040 ## - CATALOGING SOURCE
Original cataloging agency AR-UNSa-BCEJYS
Language of cataloging spa
Transcribing agency AR-UNSa-BCEJYS
080 ## - UNIVERSAL DECIMAL CLASSIFICATION NUMBER
Universal Decimal Classification number 349.2
Common auxiliary subdivision Derecho del Trabajo
020 ## - INTERNATIONAL STANDARD BOOK NUMBER
International Standard Book Number 978-987-01-0866-5
100 1# - MAIN ENTRY--PERSONAL NAME
Personal name García Vior, Andrea E.
245 10 - TITLE STATEMENT
Title Solidaridad laboral en la contratación y subcontratación de servicios
264 #1 - PRODUCTION, PUBLICATION, DISTRIBUTION, MANUFACTURE, AND COPYRIGHT NOTICE
Place of production, publication, distribution, manufacture Buenos Aires :
Name of producer, publisher, distributor, manufacturer Errepar
Date of production, publication, distribution, manufacture, or copyright notice 2008
300 ## - PHYSICAL DESCRIPTION
Extent 285 p.
Dimensions 21 cm.
505 ## - FORMATTED CONTENTS NOTE
Formatted contents note 1. Contratación y subcontratación de servicios - 2. Contratos de distribución comercial - 3. Subcontrataciones en la industria de la construcción - 4. Tareas coadyuvantes. Vigilancia - 5. Las subcontrataciones del estado - 6. Alcances de la responsabilidad laboral - 7. Opinión y prespectiva - 8. Jurisprudencia sistematizada
590 ## - LOCAL NOTE (RLIN)
Local note niveau_biblio:m niveau_hierar:0
856 41 - ELECTRONIC LOCATION AND ACCESS
Uniform Resource Identifier <a href="https://biblioeco.unsa.edu.ar/pmb/images/libros/Solidaridad laboral en la contratacion y subcontratacion de servicio-l117933.jpg">https://biblioeco.unsa.edu.ar/pmb/images/libros/Solidaridad laboral en la contratacion y subcontratacion de servicio-l117933.jpg</a>
Link text Imagen de portada
Electronic format type image/jpeg
942 ## - ADDED ENTRY ELEMENTS (KOHA)
Koha item type
Existencias
Withdrawn status Lost status Damaged status Not for loan Home library Current library Shelving location Date acquired Total checkouts Full call number Barcode Date last seen Price effective from Koha item type
        Biblioteca Prof. Eusebio Cleto del Rey Biblioteca Prof. Eusebio Cleto del Rey   07/04/2026   349.2 G216s L117933 07/04/2026 07/04/2026 Libro